000 00541cam a2200205 4500
001 1245248
005 20180213043100.0
008 701026s1970 nyua b 000 0 eng
010 _a 72112354
040 _aDLC
_cDLC
_dDLC
041 _aeng
080 _a361.008
082 0 0 _a361.008 SCH
100 1 _a50
101 _aSOC
245 1 0 _aSocial work administration:
_cEdited by Harry A. Schatz.
504 _aBibliography: p. 385-397.
906 _a7
_bcbc
_corignew
_d4
_encip
_f19
_gy-gencatlg
942 _2ddc
_cBK
999 _c42366
_d42366